| 000 | 00461nam a22001577a 4500 | ||
|---|---|---|---|
| 003 | OSt | ||
| 005 | 20140310182512.0 | ||
| 008 | 130221t xxu||||| |||| 00| 0 eng d | ||
| 020 | _a9710388592 | ||
| 050 |
_aPL 6054 _b.R696 2009 |
||
| 245 |
_aKomunikasyon sa akademikong Filipino : _b(Filipino 1) / _cMercedes C. Rodrigo. |
||
| 260 |
_aMandaluyong City : _bBooks Atbp. Publishing, _cc2009. |
||
| 300 |
_a238 p. : _c23 cm. |
||
| 942 |
_2lcc _cSSLC |
||
| 999 |
_c13920 _d13920 |
||